Statistics for Arctic Monkeys - Perfect Sense (Lyrics)

Click here to take the quiz!

General Stats

  • This quiz has been taken 8 times
  • The average score is 57 of 91

Answer Stats

Answer% Correct
a
100%
A
100%
A
100%
a
100%
I
100%
it
100%
it
100%
it
100%
it
100%
it
100%
it
100%
it
100%
it
100%
the
100%
the
100%
The
100%
If
86%
If
86%
makes
86%
perfect
86%
sense
86%
that
86%
And
71%
that's
71%
of
71%
that's
71%
that's
71%
that's
71%
That's
71%
to
71%
to
71%
to
71%
your
71%
all
57%
Branch
57%
Executive
57%
fun
57%
goodnight
57%
goodnight
57%
goodnight
57%
Having
57%
me
57%
on
57%
Richard
57%
say
57%
say
57%
say
57%
some
57%
takes
57%
takes
57%
takes
57%
takes
57%
takes
57%
what
57%
what
57%
what
57%
what
57%
what
57%
York,
57%
act
43%
ain't
43%
around
43%
back
43%
figure
43%
final
43%
four
43%
head
43%
hotel
43%
invincible
43%
Keep
43%
money
43%
my
43%
my
43%
notepad
43%
or
43%
race
43%
reminding
43%
revelation
43%
Sometimes,
43%
Then
43%
Then
43%
up
43%
warm
43%
When
43%
with
43%
wrap
43%
onto
29%
straight
29%
streak
29%
sum
29%
turns
29%

Score Distribution

Percentile by Number Answered

Percent of People with Each Score

Your Score History

You have not taken this quiz